[Event "35 Open Ciudad de San Sebastián"]
[Site "San Sebastian ESP"]
[Date "2012.04.03"]
[Round "5.15"]
[White "Guijarro Galan, Jose Luis"]
[Black "Vishnu, Prasanna  V"]
[Result "0-1"]
[WhiteElo "2142"]
[BlackElo "2406"]
[PlyCount "110"]
[EventDate "2012.03.31"]
[EventType "swiss"]
[EventRounds "9"]
[EventCountry "ESP"]
[Source "lmi"]
[SourceDate "2012.03.31"]

1. e4 e5 2. Nf3 Nc6 3. Bb5 a6 4. Ba4 Nge7 5. O-O g6 6. c3 Bg7 7. d4 exd4 8.
cxd4 b5 9. Bb3 O-O 10. Nc3 Na5 11. Bc2 d6 12. h3 Bb7 13. Bg5 h6 14. Be3 Nc4 15.
Qc1 Nxe3 16. Qxe3 Re8 17. Rfe1 Rc8 18. Rad1 Qd7 19. Qf4 g5 20. Qg3 b4 21. Ne2
Ng6 22. d5 c5 23. dxc6 Qxc6 24. Bb3 Qxe4 25. Qxd6 Qc6 26. Qxb4 Re4 27. Ned4
Rxe1+ 28. Rxe1 Qd7 29. Rd1 Qc7 30. Nf5 Bxf3 31. gxf3 Bf8 32. Qd4 Ne5 33. Qd5
Re8 34. Kg2 Qb6 35. Nd6 Bxd6 36. Qxd6 Qxd6 37. Rxd6 Kg7 38. Rxa6 Nd3 39. Ra7
Re1 40. f4 Nxf4+ 41. Kf3 Nxh3 42. Rxf7+ Kg6 43. Rb7 Kh5 44. Rh7 g4+ 45. Kg2
Rg1+ 46. Kh2 Rf1 47. Rf7 Kh4 48. Bc4 Rb1 49. Rh7 h5 50. Bf7 Nf4 51. b3 Rb2 52.
Kg1 Rxa2 53. Be8 Ra1+ 54. Kh2 Rf1 55. Bxh5 Rxf2+ 0-1

[Event "35 Open Ciudad de San Sebastián"]
[Site "San Sebastian ESP"]
[Date "2012.04.03"]
[Round "5.16"]
[White "Devereaux, Maxim L"]
[Black "Aranaz Murillo, Amalia"]
[Result "1-0"]
[WhiteElo "2373"]
[BlackElo "2224"]
[PlyCount "89"]
[EventDate "2012.03.31"]
[EventType "swiss"]
[EventRounds "9"]
[EventCountry "ESP"]
[Source "lmi"]
[SourceDate "2012.03.31"]

1. e4 c6 2. d4 d5 3. e5 Bf5 4. Nf3 e6 5. Be2 Ne7 6. Nbd2 h6 7. h3 Nd7 8. O-O g5
9. Nb3 Bg7 10. Be3 Bg6 11. Ne1 O-O 12. Nd3 Nf5 13. Bh5 Nxe3 14. fxe3 Bh7 15.
Bg4 Qe7 16. Nbc5 Nb8 17. Nf2 b6 18. Ncd3 c5 19. Bh5 Nd7 20. c3 f6 21. exf6 Rxf6
22. Bf3 Raf8 23. Ng4 R6f7 24. Qd2 Qd6 25. a4 Rxf3 26. Rxf3 Rxf3 27. gxf3 Qg3+
28. Kf1 Qxh3+ 29. Ke2 Be4 30. Ne1 Bxf3+ 31. Nxf3 Qxg4 32. Rg1 Qe4 33. Qd3 Nf6
34. Qxe4 Nxe4 35. Nd2 Nxd2 36. Kxd2 cxd4 37. cxd4 e5 38. Kd3 exd4 39. exd4 Kf7
40. Rc1 g4 41. Rc7+ Kg6 42. Rxa7 g3 43. Rc7 h5 44. Ke3 h4 45. Rxg7+ 1-0

[Event "35 Open Ciudad de San Sebastián"]
[Site "San Sebastian ESP"]
[Date "2012.04.04"]
[Round "6.1"]
[White "Spraggett, Kevin"]
[Black "Rausis, Igor"]
[Result "1/2-1/2"]
[WhiteElo "2584"]
[BlackElo "2481"]
[PlyCount "120"]
[EventDate "2012.03.31"]
[EventType "swiss"]
[EventRounds "9"]
[EventCountry "ESP"]
[Source "lmi"]
[SourceDate "2012.03.31"]

1. e4 e5 2. Nf3 Nf6 3. d4 Nxe4 4. Bd3 d5 5. Nxe5 Nd7 6. Nxd7 Bxd7 7. Nc3 Nxc3
8. bxc3 Bd6 9. Qh5 Qe7+ 10. Be3 Be6 11. Bg5 Qd7 12. O-O g6 13. Qh4 O-O 14. Bf6
Rfe8 15. Rab1 b6 16. Rbe1 c5 17. Re5 Bg4 18. f3 c4 19. fxg4 Rxe5 20. dxe5 Bc5+
21. Kh1 cxd3 22. cxd3 Bf8 23. h3 Rc8 24. Qf2 Qe6 25. Qd4 Bc5 26. Qa4 Qc6 27.
Qf4 Qe6 28. d4 Bf8 29. Qd2 h6 30. Bh4 Bg7 31. Bg3 Rc4 32. Bf4 Kh7 33. Rf3 b5
34. Qf2 Kg8 35. Bd2 a6 36. Rd3 Rc8 37. Qh4 g5 38. Qf2 f6 39. exf6 Qxf6 40. Rf3
Qe6 41. Rf5 Qe4 42. h4 Qxg4 43. hxg5 Re8 44. Qf3 Qxf3 45. gxf3 hxg5 46. Rxd5
Re2 47. Bxg5 Rxa2 48. f4 Rc2 49. Rc5 Bf8 50. Rc8 Kf7 51. Rc7+ Ke6 52. Bd8 Bd6
53. Ra7 Rxc3 54. Rxa6 Kd5 55. f5 b4 56. f6 Rc8 57. Be7 Bxe7 58. fxe7 Re8 59.
Rb6 Rxe7 60. Rxb4 Re4 1/2-1/2

[Event "35 Open Ciudad de San Sebastián"]
[Site "San Sebastian ESP"]
[Date "2012.04.04"]
[Round "6.2"]
[White "Gonzalez Perez, Arian"]
[Black "Vazquez Igarza, Renier"]
[Result "1/2-1/2"]
[WhiteElo "2468"]
[BlackElo "2566"]
[PlyCount "27"]
[EventDate "2012.03.31"]
[EventType "swiss"]
[EventRounds "9"]
[EventCountry "ESP"]
[Source "lmi"]
[SourceDate "2012.03.31"]

1. d4 d5 2. c4 dxc4 3. Nf3 Nf6 4. e3 Bg4 5. Bxc4 e6 6. O-O Nbd7 7. b3 Be7 8.
Bb2 O-O 9. Nbd2 c5 10. h3 Bh5 11. Be2 Rc8 12. dxc5 Nxc5 13. Nc4 Qxd1 14. Rfxd1
1/2-1/2

[Event "35 Open Ciudad de San Sebastián"]
[Site "San Sebastian ESP"]
[Date "2012.04.04"]
[Round "6.5"]
[White "Vishnu, Prasanna  V"]
[Black "Bakre, Tejas"]
[Result "1/2-1/2"]
[WhiteElo "2406"]
[BlackElo "2513"]
[PlyCount "25"]
[EventDate "2012.03.31"]
[EventType "swiss"]
[EventRounds "9"]
[EventCountry "ESP"]
[Source "lmi"]
[SourceDate "2012.03.31"]

1. e4 e5 2. Nf3 Nc6 3. d4 exd4 4. Nxd4 Nf6 5. Nxc6 bxc6 6. e5 Qe7 7. Qe2 Nd5 8.
c4 Ba6 9. b3 O-O-O 10. Bb2 g5 11. g3 Bg7 12. Bg2 Rde8 13. O-O 1/2-1/2

[Event "35 Open Ciudad de San Sebastián"]
[Site "San Sebastian ESP"]
[Date "2012.04.04"]
[Round "6.6"]
[White "Moreno Ruiz, Javier"]
[Black "Marzolo, Cyril"]
[Result "0-1"]
[WhiteElo "2513"]
[BlackElo "2441"]
[PlyCount "80"]
[EventDate "2012.03.31"]
[EventType "swiss"]
[EventRounds "9"]
[EventCountry "ESP"]
[Source "lmi"]
[SourceDate "2012.03.31"]

1. c4 Nf6 2. g3 g6 3. Bg2 Bg7 4. Nc3 c5 5. a3 O-O 6. b4 d6 7. Rb1 Nc6 8. d3 Qd7
9. Bd2 Nd4 10. e3 Ne6 11. Nge2 Rb8 12. O-O b6 13. e4 Bb7 14. h3 Ne8 15. Be3 Nd4
16. Bxd4 cxd4 17. Nb5 e5 18. Nxa7 Ba6 19. Nb5 Bxb5 20. cxb5 Qxb5 21. a4 Qd7 22.
Qb3 Ra8 23. Ra1 Nc7 24. f4 Ra7 25. Rfc1 Rfa8 26. Kh2 Bh6 27. Rc2 Ne6 28. f5 Nd8
29. b5 Nb7 30. Qd5 Nc5 31. Ra3 Rxa4 32. Qxa8+ Rxa8 33. Rxa8+ Kg7 34. Rca2 Qxb5
35. Ng1 Be3 36. Nf3 Qxd3 37. R2a7 Nxe4 38. Rc8 Bf2 39. Rcc7 Bxg3+ 40. Kg1 Qe3+
0-1

[Event "35 Open Ciudad de San Sebastián"]
[Site "San Sebastian ESP"]
[Date "2012.04.04"]
[Round "6.7"]
[White "Velten, Paul"]
[Black "Lopez Martinez, Josep Manuel"]
[Result "1-0"]
[WhiteElo "2310"]
[BlackElo "2508"]
[PlyCount "131"]
[EventDate "2012.03.31"]
[EventType "swiss"]
[EventRounds "9"]
[EventCountry "ESP"]
[Source "lmi"]
[SourceDate "2012.03.31"]

1. d4 Nf6 2. Nf3 g6 3. e3 Bg7 4. Be2 O-O 5. O-O d6 6. c4 Nbd7 7. Nc3 e5 8. Qc2
Re8 9. b4 exd4 10. exd4 Nf8 11. h3 Bf5 12. Bd3 Bxd3 13. Qxd3 c6 14. Rb1 d5 15.
c5 Ne4 16. Bf4 Ne6 17. Be3 a5 18. Ne2 axb4 19. Rxb4 Ra7 20. Rfb1 Qc7 21. Qb3
Re7 22. g3 h6 23. Kg2 g5 24. h4 f5 25. hxg5 hxg5 26. Ra4 Rxa4 27. Qxa4 Qc8 28.
Rh1 f4 29. gxf4 gxf4 30. Nxf4 Nxf4+ 31. Bxf4 Qg4+ 32. Bg3 Nxg3 33. Qa8+ Kf7 34.
Rh4 Qg6 35. fxg3 Re2+ 36. Kh3 Qf5+ 37. Rg4 Qb1 38. Rf4+ Kg6 39. Kg4 Re4 40. Qc8
Rxf4+ 41. gxf4 Bxd4 42. Qe6+ Kg7 43. Qe7+ Kg8 44. Qe8+ Kg7 45. Qd7+ Kg8 46.
Nxd4 Qg6+ 47. Kh4 Qf6+ 48. Kh5 Qxd4 49. Qc8+ Kf7 50. Qxb7+ Kf8 51. Qc8+ Kf7 52.
Qd7+ Kf8 53. Kg6 Qe4+ 54. Qf5+ Ke7 55. a4 Qxa4 56. Qe5+ Kd7 57. Kf7 d4 58. Qd6+
Kc8 59. f5 Kb7 60. f6 Qc4+ 61. Ke7 Qe2+ 62. Kd8 d3 63. Qc7+ Ka8 64. Qxc6+ Kb8
65. Qb6+ Ka8 66. c6 1-0

[Event "35 Open Ciudad de San Sebastián"]
[Site "San Sebastian ESP"]
[Date "2012.04.04"]
[Round "6.8"]
[White "Elsness, Frode"]
[Black "Satyapragyan, Swayangsu"]
[Result "1/2-1/2"]
[WhiteElo "2499"]
[BlackElo "2432"]
[PlyCount "71"]
[EventDate "2012.03.31"]
[EventType "swiss"]
[EventRounds "9"]
[EventCountry "ESP"]
[Source "lmi"]
[SourceDate "2012.03.31"]

1. d4 Nf6 2. c4 e6 3. Nc3 Bb4 4. Qc2 O-O 5. a3 Bxc3+ 6. Qxc3 Qe8 7. Nf3 d6 8.
g3 a5 9. b3 a4 10. b4 b5 11. cxb5 Nd5 12. Qc2 f5 13. Bg2 Nd7 14. O-O N7f6 15.
Nd2 Bd7 16. e4 fxe4 17. Nxe4 Nxe4 18. Bxe4 Qh5 19. Bd3 Kh8 20. Bd2 Nf6 21. Rae1
e5 22. f3 exd4 23. Qxc7 Bxb5 24. Bxb5 Qxb5 25. Qxd6 Rad8 26. Qc5 Qd3 27. Bg5 h6
28. Bxf6 Rxf6 29. Qa5 Rdf8 30. Qxa4 Rxf3 31. Qd1 Rxf1+ 32. Rxf1 Rxf1+ 33. Qxf1
Qxa3 34. Qf8+ Kh7 35. Qf5+ Kh8 36. Qc8+ 1/2-1/2

[Event "35 Open Ciudad de San Sebastián"]
[Site "San Sebastian ESP"]
[Date "2012.04.04"]
[Round "6.11"]
[White "Hansen, Torbjorn Ringdal"]
[Black "Bas Mas, Jose Joaquin"]
[Result "1-0"]
[WhiteElo "2469"]
[BlackElo "2227"]
[PlyCount "65"]
[EventDate "2012.03.31"]
[EventType "swiss"]
[EventRounds "9"]
[EventCountry "ESP"]
[Source "lmi"]
[SourceDate "2012.03.31"]

1. c4 Nf6 2. Nc3 e5 3. Nf3 Nc6 4. e3 d5 5. cxd5 Nxd5 6. Bb5 Nxc3 7. bxc3 Bd6 8.
d4 exd4 9. cxd4 O-O 10. O-O Bg4 11. Be2 Re8 12. Bb2 Qe7 13. Nd2 Bf5 14. Nc4
Rad8 15. Nxd6 Qxd6 16. Qb3 Be4 17. f3 Bd5 18. Qc3 f5 19. Rfe1 Re6 20. Ba3 Qd7
21. Rab1 Rde8 22. Bc4 Kh8 23. Rxb7 f4 24. Bxd5 Qxd5 25. e4 Qxd4+ 26. Qxd4 Nxd4
27. Rd1 Nc2 28. Bc1 Ra6 29. Bxf4 Rxa2 30. Rxc7 a5 31. Rdd7 Rb8 32. Rb7 Rg8 33.
Rxg7 1-0

[Event "35 Open Ciudad de San Sebastián"]
[Site "San Sebastian ESP"]
[Date "2012.04.04"]
[Round "6.14"]
[White "Thomassen, Joachim"]
[Black "Lasinskas, Povilas"]
[Result "1-0"]
[WhiteElo "2400"]
[BlackElo "2170"]
[PlyCount "43"]
[EventDate "2012.03.31"]
[EventType "swiss"]
[EventRounds "9"]
[EventCountry "ESP"]
[Source "lmi"]
[SourceDate "2012.03.31"]

1. d4 Nf6 2. Nf3 g6 3. c4 Bg7 4. Nc3 d5 5. Qb3 dxc4 6. Qxc4 O-O 7. e4 a6 8. e5
b5 9. Qb3 Nfd7 10. e6 fxe6 11. h4 Nf6 12. a4 Nc6 13. Be3 b4 14. Ne2 Qd5 15. Qd1
Nh5 16. Rc1 Bb7 17. Rc5 Qd6 18. Qb3 Kh8 19. Rh3 e5 20. dxe5 Nxe5 21. Nxe5 Bxe5
22. Rxe5 1-0

[Event "35 Open Ciudad de San Sebastián"]
[Site "San Sebastian ESP"]
[Date "2012.04.04"]
[Round "6.16"]
[White "Anurag, Mhamal"]
[Black "Moen, Andreas"]
[Result "1/2-1/2"]
[WhiteElo "2273"]
[BlackElo "2360"]
[PlyCount "128"]
[EventDate "2012.03.31"]
[EventType "swiss"]
[EventRounds "9"]
[EventCountry "ESP"]
[Source "lmi"]
[SourceDate "2012.03.31"]

1. c4 e5 2. g3 Nf6 3. Bg2 Nc6 4. Nc3 Bc5 5. d3 O-O 6. Nf3 d6 7. O-O h6 8. Na4
Bg4 9. h3 Bf5 10. g4 Be6 11. g5 hxg5 12. Nxg5 Bf5 13. Nxc5 dxc5 14. f4 Qd4+ 15.
Kh2 Rfe8 16. Bxc6 bxc6 17. e4 Bc8 18. Nf3 Qd7 19. f5 Ba6 20. Rg1 Kf8 21. Be3
Rad8 22. Bxc5+ Kg8 23. Qd2 Nh7 24. Rad1 f6 25. Rg3 Kf7 26. Rdg1 Rg8 27. Qg2 Ke8
28. Rxg7 Rxg7 29. Qxg7 Qxg7 30. Rxg7 Rxd3 31. Nxe5 fxe5 32. Rxh7 Bxc4 33. Rxc7
Bxa2 34. f6 Rd7 35. Rxc6 Kf7 36. Kg3 Be6 37. Be7 Rd3+ 38. Kf2 Rxh3 39. b4 Rh2+
40. Kg3 Rh3+ 41. Kg2 Rh4 42. Rc7 Rxe4 43. Rxa7 Re2+ 44. Kf3 Ra2 45. Rxa2 Bxa2
46. b5 Bd5+ 47. Kg4 Kg6 48. b6 Bb7 49. Kg3 Kf7 50. Kf2 Ke6 51. Ke3 Bd5 52. Kd3
Kf7 53. Kc3 Ke6 54. Kb4 Bb7 55. Kb5 Kd7 56. Bf8 Ke6 57. Bg7 Kf7 58. Kc5 Ke6 59.
Bh8 Ba8 60. Kc4 Bd5+ 61. Kd3 Kd7 62. Ke3 Kc6 63. f7 Bxf7 64. Bxe5 Kxb6 1/2-1/2

[Event "35 Open Ciudad de San Sebastián"]
[Site "San Sebastian ESP"]
[Date "2012.04.05"]
[Round "7.1"]
[White "Tratar, Marko"]
[Black "Spraggett, Kevin"]
[Result "1/2-1/2"]
[WhiteElo "2499"]
[BlackElo "2584"]
[PlyCount "35"]
[EventDate "2012.03.31"]
[EventType "swiss"]
[EventRounds "9"]
[EventCountry "ESP"]
[Source "lmi"]
[SourceDate "2012.03.31"]

1. Nf3 e6 2. c4 c5 3. g3 b6 4. Bg2 Bb7 5. O-O Nf6 6. Nc3 Be7 7. d4 cxd4 8. Qxd4
O-O 9. Rd1 Nc6 10. Qf4 d6 11. b3 Qb8 12. Ba3 Rd8 13. Nb5 Ne8 14. Ng5 Bf6 15.
Bb2 Bxg5 16. Qxg5 a6 17. Nc3 Qc7 18. Rac1 1/2-1/2

[Event "35 Open Ciudad de San Sebastián"]
[Site "San Sebastian ESP"]
[Date "2012.04.05"]
[Round "7.2"]
[White "Vazquez Igarza, Renier"]
[Black "Devereaux, Maxim L"]
[Result "1/2-1/2"]
[WhiteElo "2566"]
[BlackElo "2373"]
[PlyCount "70"]
[EventDate "2012.03.31"]
[EventType "swiss"]
[EventRounds "9"]
[EventCountry "ESP"]
[Source "lmi"]
[SourceDate "2012.03.31"]

1. d4 Nf6 2. c4 g6 3. Nc3 d5 4. Nf3 Bg7 5. e3 O-O 6. b4 dxc4 7. Bxc4 b6 8. O-O
Bb7 9. Bb2 Nbd7 10. Qe2 Ne4 11. Nxe4 Bxe4 12. Rac1 e6 13. Rfd1 Qe7 14. Bb5 c6
15. Bxc6 Bxc6 16. Rxc6 Qxb4 17. Qc2 Nf6 18. Ne5 Nd5 19. Rc4 Qb5 20. a4 Qa6 21.
e4 Bxe5 22. dxe5 Rfc8 23. Rc1 Ne7 24. Ba3 Rxc4 25. Qxc4 Qxc4 26. Rxc4 Rc8 27.
Rxc8+ Nxc8 28. Kf1 a6 29. Ke2 Na7 30. Kd3 Nc6 31. Bd6 g5 32. Kc4 Na5+ 33. Kc3
Nc6 34. Kc4 Na5+ 35. Kc3 Nc6 1/2-1/2

[Event "35 Open Ciudad de San Sebastián"]
[Site "San Sebastian ESP"]
[Date "2012.04.05"]
[Round "7.3"]
[White "Andres Gonzalez, Alberto"]
[Black "Gonzalez Perez, Arian"]
[Result "1/2-1/2"]
[WhiteElo "2525"]
[BlackElo "2468"]
[PlyCount "30"]
[EventDate "2012.03.31"]
[EventType "swiss"]
[EventRounds "9"]
[EventCountry "ESP"]
[Source "lmi"]
[SourceDate "2012.03.31"]

1. Nf3 Nf6 2. c4 b6 3. g3 Bb7 4. Bg2 e6 5. O-O Be7 6. d4 O-O 7. Bg5 h6 8. Bxf6
Bxf6 9. Nc3 d6 10. Rc1 Nd7 11. d5 Bxc3 12. Rxc3 e5 13. e4 a5 14. Ne1 Ba6 15.
Nc2 Nc5 1/2-1/2

[Event "35 Open Ciudad de San Sebastián"]
[Site "San Sebastian ESP"]
[Date "2012.04.05"]
[Round "7.4"]
[White "Rausis, Igor"]
[Black "Velten, Paul"]
[Result "1-0"]
[WhiteElo "2481"]
[BlackElo "2310"]
[PlyCount "115"]
[EventDate "2012.03.31"]
[EventType "swiss"]
[EventRounds "9"]
[EventCountry "ESP"]
[Source "lmi"]
[SourceDate "2012.03.31"]

1. e4 e6 2. d4 d5 3. Nd2 c5 4. dxc5 Bxc5 5. Bd3 Nf6 6. Qe2 Nc6 7. Ngf3 O-O 8.
O-O Nb4 9. e5 Nxd3 10. cxd3 Nd7 11. Nb3 Be7 12. Nbd4 Nb8 13. Be3 Bd7 14. Rfc1
Na6 15. a3 Qa5 16. b4 Qa4 17. Bg5 Bxg5 18. Nxg5 h6 19. Ngf3 Rac8 20. Qb2 Rxc1+
21. Rxc1 Rc8 22. h4 Nc7 23. g4 Nb5 24. Rxc8+ Bxc8 25. Nxb5 Qxb5 26. Qc3 Bd7 27.
Kg2 Qa6 28. g5 Bb5 29. gxh6 gxh6 30. d4 Bd3 31. Kg3 Bf5 32. Nh2 Qe2 33. Qe3 Qd1
34. f3 Kg7 35. Ng4 Bxg4 36. fxg4 Qf1 37. h5 Kh7 38. a4 Qd1 39. a5 Qf1 40. Qf2
Qd3+ 41. Qf3 Qxd4 42. Qxf7+ Kh8 43. Qf6+ Kh7 44. Qg6+ Kh8 45. Qxh6+ Kg8 46.
Qxe6+ Kh8 47. Qc8+ Kh7 48. Qxb7+ Kh8 49. Qc8+ Kh7 50. Qf5+ Kh8 51. e6 Qe3+ 52.
Kh4 d4 53. Qf6+ Kh7 54. e7 Qe1+ 55. Kg5 Qe3+ 56. Kf5 Qd3+ 57. Ke5 Qb5+ 58. Kf4
1-0

[Event "35 Open Ciudad de San Sebastián"]
[Site "San Sebastian ESP"]
[Date "2012.04.05"]
[Round "7.5"]
[White "Marzolo, Cyril"]
[Black "Pap, Misa"]
[Result "1-0"]
[WhiteElo "2441"]
[BlackElo "2501"]
[PlyCount "99"]
[EventDate "2012.03.31"]
[EventType "swiss"]
[EventRounds "9"]
[EventCountry "ESP"]
[Source "lmi"]
[SourceDate "2012.03.31"]

1. d4 Nf6 2. Nf3 c5 3. d5 d6 4. Nc3 Bf5 5. Nd2 g5 6. e4 Bg6 7. e5 dxe5 8. Nc4
Nbd7 9. Bxg5 Bg7 10. h4 h6 11. Bxf6 Bxf6 12. Bd3 e4 13. Nxe4 Bxe4 14. Bxe4 b5
15. Nd2 Bxb2 16. Rb1 Bc3 17. Rxb5 Rb8 18. Qe2 Rxb5 19. Qxb5 Bxd2+ 20. Kxd2 Qc7
21. Qd3 Nf6 22. Bf3 O-O 23. Rb1 Rd8 24. c4 Qa5+ 25. Ke2 Qxa2+ 26. Kf1 Qa6 27.
Kg1 Qd6 28. Rb7 Rd7 29. Rb5 a6 30. Rb3 Ra7 31. Qe3 Kg7 32. Bd1 a5 33. Qd2 Ne4
34. Qe3 Nf6 35. Qd2 e5 36. Rg3+ Kh7 37. Bc2+ e4 38. Qc3 a4 39. Bxe4+ Kh8 40.
Bb1 Rb7 41. Bc2 Rb4 42. Qe3 Qf8 43. Qe5 Qd8 44. Qe3 Qf8 45. Qc3 Qd6 46. Qd2 Nd7
47. Qd3 Nf6 48. Qf5 Qd8 49. Qf4 Ng8 50. Qxf7 1-0

[Event "35 Open Ciudad de San Sebastián"]
[Site "San Sebastian ESP"]
[Date "2012.04.05"]
[Round "7.6"]
[White "Bakre, Tejas"]
[Black "Thakur, Akash"]
[Result "1/2-1/2"]
[WhiteElo "2513"]
[BlackElo "2299"]
[PlyCount "78"]
[EventDate "2012.03.31"]
[EventType "swiss"]
[EventRounds "9"]
[EventCountry "ESP"]
[Source "lmi"]
[SourceDate "2012.03.31"]

1. Nf3 d5 2. d4 Nf6 3. c4 c6 4. cxd5 cxd5 5. Nc3 Nc6 6. Bf4 Bf5 7. e3 e6 8. Qb3
Bb4 9. Bb5 O-O 10. O-O Bxc3 11. Bxc6 bxc6 12. Qxc3 Rc8 13. Rfc1 Ne4 14. Qa3 g5
15. Bg3 f6 16. Ne1 h5 17. f3 Nxg3 18. hxg3 Qc7 19. Kf2 h4 20. g4 Bg6 21. Kg1
Rf7 22. Qa6 h3 23. Rc3 Rh7 24. Rac1 hxg2 25. Nxg2 Be8 26. Kf2 Rb8 27. b3 Qh2
28. Rxc6 Bxc6 29. Rxc6 Re7 30. Rxe6 Rc7 31. Qd3 Kg7 32. Qf5 Rf8 33. f4 gxf4 34.
exf4 Rc3 35. Re7+ Rf7 36. Rxf7+ Kxf7 37. Qd7+ Kf8 38. Qd8+ Kg7 39. Qe7+ Kg8
1/2-1/2

[Event "35 Open Ciudad de San Sebastián"]
[Site "San Sebastian ESP"]
[Date "2012.04.05"]
[Round "7.7"]
[White "Andres Gonzalez, Ivan"]
[Black "Elsness, Frode"]
[Result "0-1"]
[WhiteElo "2312"]
[BlackElo "2499"]
[PlyCount "100"]
[EventDate "2012.03.31"]
[EventType "swiss"]
[EventRounds "9"]
[EventCountry "ESP"]
[Source "lmi"]
[SourceDate "2012.03.31"]

1. Nf3 Nf6 2. c4 g6 3. Nc3 d5 4. d4 Bg7 5. Qa4+ Bd7 6. Qb3 dxc4 7. Qxc4 a6 8.
Bf4 b5 9. Qb3 c5 10. dxc5 Qa5 11. Bd2 b4 12. Ne5 O-O 13. Nxd7 Nbxd7 14. Na4
Nxc5 15. Nxc5 Qxc5 16. Rc1 Qf5 17. f3 Rfd8 18. e4 Qe5 19. Be3 Ne8 20. Rc2 a5
21. Bc4 Nd6 22. Bd5 Rab8 23. f4 Qh5 24. O-O Nb5 25. Bxf7+ Kh8 26. e5 Qf5 27.
Bc4 Nd4 28. Bxd4 Rxd4 29. Be6 Qe4 30. Rc4 Rf8 31. Qc2 Qe3+ 32. Qf2 Qxf2+ 33.
Rxf2 Bxe5 34. Kf1 Rxc4 35. Bxc4 Bd4 36. Rf3 Bxb2 37. g3 a4 38. Rf2 Rc8 39. Bb5
Bd4 40. Rd2 Bc3 41. Re2 b3 42. Bxa4 b2 43. Bc2 Bb4 44. Bd3 Rc1+ 45. Kg2 b1=Q
46. Bxb1 Rxb1 47. Kf3 Kg7 48. g4 Kf6 49. Rc2 Bd6 50. Rf2 Rb4 0-1

[Event "35 Open Ciudad de San Sebastián"]
[Site "San Sebastian ESP"]
[Date "2012.04.05"]
[Round "7.9"]
[White "Urkedal, Frode"]
[Black "Vishnu, Prasanna  V"]
[Result "1-0"]
[WhiteElo "2460"]
[BlackElo "2406"]
[PlyCount "75"]
[EventDate "2012.03.31"]
[EventType "swiss"]
[EventRounds "9"]
[EventCountry "ESP"]
[Source "lmi"]
[SourceDate "2012.03.31"]

1. d4 d5 2. c4 e6 3. Nc3 Be7 4. Bf4 Nf6 5. e3 O-O 6. a3 Nbd7 7. Nb5 Ne8 8. Nf3
c6 9. Nc3 f5 10. h3 Bd6 11. Bd3 Qe7 12. O-O Kh8 13. Qc2 dxc4 14. Bxc4 e5 15.
dxe5 Nxe5 16. Nxe5 Bxe5 17. Rad1 Nf6 18. Rfe1 Bd7 19. Bd3 Rae8 20. Bxe5 Qxe5
21. f4 Qa5 22. Na4 Nd5 23. b4 Qc7 24. Qf2 a5 25. Qd2 axb4 26. axb4 Bc8 27. b5
Nb6 28. Qa5 Nd5 29. Qxc7 Nxc7 30. b6 Nd5 31. Kf2 Re7 32. Bc4 Nf6 33. Nc5 g6 34.
Rd4 Kg7 35. Ra1 Rfe8 36. Ra8 Nd7 37. Nxd7 Bxd7 38. Rxd7 1-0

[Event "35 Open Ciudad de San Sebastián"]
[Site "San Sebastian ESP"]
[Date "2012.04.05"]
[Round "7.10"]
[White "Thomassen, Joachim"]
[Black "Moreno Ruiz, Javier"]
[Result "0-1"]
[WhiteElo "2400"]
[BlackElo "2513"]
[PlyCount "68"]
[EventDate "2012.03.31"]
[EventType "swiss"]
[EventRounds "9"]
[EventCountry "ESP"]
[Source "lmi"]
[SourceDate "2012.03.31"]

1. d4 Nf6 2. c4 e6 3. Nf3 d5 4. Nc3 Bb4 5. cxd5 exd5 6. Bg5 Nbd7 7. e3 c5 8.
Bd3 Qa5 9. Qc2 c4 10. Bf5 O-O 11. O-O Re8 12. Nd2 g6 13. Bxd7 Nxd7 14. e4 Bxc3
15. Qxc3 Qxc3 16. bxc3 f6 17. Bh4 g5 18. Bg3 Nb6 19. f3 Bd7 20. Rfb1 Bc6 21.
Rb4 dxe4 22. fxe4 Bxe4 23. Nxe4 Rxe4 24. a4 Rc8 25. a5 Nd5 26. Rxb7 Nxc3 27.
Rxa7 Ne2+ 28. Kf2 c3 29. Rc7 Rxc7 30. Bxc7 c2 31. a6 c1=Q 32. Rxc1 Nxc1 33. a7
Re2+ 34. Kf1 Ra2 0-1

[Event "35 Open Ciudad de San Sebastián"]
[Site "San Sebastian ESP"]
[Date "2012.04.05"]
[Round "7.11"]
[White "Mayo Martinez, Manuel"]
[Black "Romanishin, Oleg M"]
[Result "0-1"]
[WhiteElo "2188"]
[BlackElo "2541"]
[PlyCount "50"]
[EventDate "2012.03.31"]
[EventType "swiss"]
[EventRounds "9"]
[EventCountry "ESP"]
[Source "lmi"]
[SourceDate "2012.03.31"]

1. d4 Nf6 2. Nf3 e6 3. e3 c5 4. c3 d5 5. Nbd2 Nc6 6. Be2 Bd6 7. O-O O-O 8. dxc5
Bxc5 9. b4 Bd6 10. Bb2 e5 11. b5 Na5 12. c4 e4 13. Ne1 Nxc4 14. Bxf6 Qxf6 15.
Bxc4 dxc4 16. Nxc4 Bc7 17. Qd4 Qg6 18. f3 Be6 19. Rc1 Rac8 20. f4 Qf5 21. Ne5
Bb6 22. Qd2 Rxc1 23. Qxc1 Qh5 24. Rf2 Rd8 25. Rf1 Qe2 0-1

[Event "35 Open Ciudad de San Sebastián"]
[Site "San Sebastian ESP"]
[Date "2012.04.05"]
[Round "7.14"]
[White "Ladron de Guevara Galar, Fco J"]
[Black "Argandona Riveiro, Inigo"]
[Result "1/2-1/2"]
[WhiteElo "2139"]
[BlackElo "2388"]
[PlyCount "69"]
[EventDate "2012.03.31"]
[EventType "swiss"]
[EventRounds "9"]
[EventCountry "ESP"]
[Source "lmi"]
[SourceDate "2012.03.31"]

1. d4 Nf6 2. c4 e5 3. dxe5 Ng4 4. Bf4 Nc6 5. Nf3 Bb4+ 6. Nbd2 Qe7 7. a3 Ngxe5
8. Nxe5 Nxe5 9. e3 Bxd2+ 10. Qxd2 O-O 11. Qc3 Re8 12. Bxe5 Qxe5 13. Qxe5 Rxe5
14. O-O-O a5 15. Rd5 Re7 16. Be2 b6 17. Rhd1 d6 18. Bf3 Bb7 19. Rf5 Bxf3 20.
Rxf3 Re4 21. Rd4 Rae8 22. Rf4 R4e5 23. Rd5 f6 24. Rfd4 Kf7 25. b4 axb4 26. axb4
Ra8 27. Kb2 Ke6 28. Kb3 Ra1 29. Rd1 Rxd1 30. Rxd1 b5 31. cxb5 Rxb5 32. Kc4 c6
33. Ra1 d5+ 34. Kc3 Rb7 35. Ra6 1/2-1/2

[Event "35 Open Ciudad de San Sebastián"]
[Site "San Sebastian ESP"]
[Date "2012.04.05"]
[Round "7.15"]
[White "Moen, Andreas"]
[Black "Lakunza Oyarbide, Juan Carlos"]
[Result "0-1"]
[WhiteElo "2360"]
[BlackElo "2111"]
[PlyCount "88"]
[EventDate "2012.03.31"]
[EventType "swiss"]
[EventRounds "9"]
[EventCountry "ESP"]
[Source "lmi"]
[SourceDate "2012.03.31"]

1. e4 e5 2. Nf3 Nc6 3. Bb5 a6 4. Ba4 Nf6 5. O-O Be7 6. Re1 b5 7. Bb3 O-O 8. c3
d6 9. h3 Nb8 10. d4 Nbd7 11. Nbd2 Bb7 12. Bc2 Re8 13. Nf1 Bf8 14. Bg5 h6 15.
Bh4 g5 16. Nxg5 hxg5 17. Bxg5 Be7 18. Ng3 Nh7 19. Bh6 Bf8 20. Qg4+ Kh8 21. Nf5
Qf6 22. Bb3 c5 23. Re3 c4 24. Bc2 Bc8 25. Qh5 Nb6 26. Rf3 Bxf5 27. Bxf8 Qg6 28.
Qxg6 Bxg6 29. Bxd6 exd4 30. cxd4 Ng5 31. Rf6 Nd7 32. Rxg6 fxg6 33. e5 Kg7 34.
f4 Ne6 35. Be4 Ra7 36. Kf2 Nxf4 37. Ke3 Ne6 38. Rf1 Nb6 39. Bc6 Rc8 40. Bf3 Ng5
41. Bg4 Nd5+ 42. Ke2 Rd8 43. Re1 Ne4 44. Bf3 Nxd6 0-1

[Event "35 Open Ciudad de San Sebastián"]
[Site "San Sebastian ESP"]
[Date "2012.04.06"]
[Round "8.2"]
[White "Elsness, Frode"]
[Black "Rausis, Igor"]
[Result "1/2-1/2"]
[WhiteElo "2499"]
[BlackElo "2481"]
[PlyCount "52"]
[EventDate "2012.03.31"]
[EventType "swiss"]
[EventRounds "9"]
[EventCountry "ESP"]
[Source "lmi"]
[SourceDate "2012.03.31"]

1. d4 Nf6 2. c4 e6 3. Nc3 Bb4 4. Qc2 O-O 5. a3 Bxc3+ 6. Qxc3 d5 7. Nf3 dxc4 8.
Qxc4 b6 9. Bg5 Bb7 10. Rd1 Nbd7 11. e3 h6 12. Bh4 Bd5 13. Qa4 c5 14. Be2 a6 15.
dxc5 Nxc5 16. Qd4 Bb3 17. Rc1 Bd5 18. Qe5 Rc8 19. Rd1 Ncd7 20. Qf4 Qc7 21. Qxc7
Rxc7 22. Bxa6 Rc2 23. Rd2 Rc1+ 24. Rd1 Rc2 25. Rd2 Rc1+ 26. Rd1 Rc2 1/2-1/2